| 000 | 00000nas 2200000za 4500 |
| 001 | 9.812495 |
| 003 | CaOODSP |
| 005 | 20221107141334 |
| 007 | cr ||||||||||| |
| 008 | 160304d19561968oncar p oss f000#b0fre|d |
| 022 | |y0575-9870 |
| 040 | |aCaOODSP|bfre |
| 041 | |aeng|afre |
| 043 | |an-cn--- |
| 086 | 1 |aCS81-208-PDF |
| 245 | 00|aSurvey of education finance |h[ressource électronique] = |cDominion Bureau of Statistics, Education Division, Elementary and Secondary Education Section = Les finances de l'enseignement / Bureau fédéral de la statistique, Division de l'éducation, Section de l'enseignement élémentaire et secondaire. |
| 246 | 11|aFinances de l'enseignement |
| 260 | |aOttawa : |bDominion Bureau of Statistics = Bureau fédéral de la statistique, |c1960-1973. |
| 310 | |aAnnuel |
| 362 | 0 |a1954/56-1968. |
| 500 | |aÉdition numérisée de l’imprimé [par Statistique Canada]. |
| 546 | |aTexte en anglais et en français. |
| 550 | |aPublié 1957-1966 par la Division de l'éducation, Section des finances; 1967 par Statistique Canada, Division de l'éducation, Section des finances; 1968 par la Division de l'éducation, des sciences et de la culture. |
| 580 | |aFusion de : Relevé de l'enseignement élémentaire et de l'enseignement secondaire, en partie; Relevé de l'enseignement supérieur, en partie; et, Statistique provisoire de l'enseignement, en partie. |
| 692 | 07|2gccst|aEnseignement |
| 710 | 1 |aCanada.|bBureau fédéral de la statistique.|bSection de l'enseignement élémentaire et secondaire. |
| 710 | 1 |aCanada.|bBureau fédéral de la statistique.|bDivision de l'éducation.|bSection des finances. |
| 710 | 1 |aCanada.|bStatistique Canada.|bDivision de l'éducation.|bSection des finances. |
| 710 | 1 |aCanada. |bStatistique Canada. |bDivision de l'éducation, des sciences et de la culture. |
| 780 | 00|tPreliminary statistics of education |w(CaOODSP)9.810688 |
| 780 | 00|tRelevé de l'enseignement élémentaire et de l'enseignement secondaire |w(CaOODSP)9.818242 |
| 780 | 00|tSurvey of higher education |w(CaOODSP)9.818254 |
| 785 | 00|tFinancial statistics of education |w(CaOODSP)9.813925 |
| 791 | |tSurvey of education finance |eeng|w(CaOODSP)9.812448 |